Моделирование лесного низового пожара и ветрового переноса примесей.; (Часть I: Модель лесного пожара); Инженерная экология; № 1

מידע ביבליוגרפי
Parent link:Инженерная экология: научно-аналитический журнал.— , 1995-.— 0204-3483
№ 1.— 2003.— С. 35-49
מחבר ראשי: Катков В. Л.
שפה:רוסית
יצא לאור: 2003
נושאים:
פורמט: Book Chapter
KOHA link:https://koha.lib.tpu.ru/cgi-bin/koha/opac-detail.pl?biblionumber=384887

MARC

LEADER 00000naa2a2200000 4500
001 384887
005 20231101063313.0
035 |a (RuTPU)RU\TPU\prd\12048 
090 |a 384887 
100 |a 20030326a2003 k y0rusy50 ca 
101 0 |a rus 
102 |a RU 
200 1 |a Моделирование лесного низового пожара и ветрового переноса примесей.  |a (Часть I: Модель лесного пожара)  |f В. Л. Катков 
320 |a Библиогр.: 42 назв. 
461 1 |0 (RuTPU)RU\TPU\prd\463  |x 0204-3483  |t Инженерная экология  |o научно-аналитический журнал  |d 1995- 
463 1 |0 (RuTPU)RU\TPU\prd\11846  |t № 1  |v С. 35-49  |d 2003 
610 1 |a лесные пожары 
610 1 |a моделирование 
610 1 |a ветровые переносы 
610 1 |a примеси 
610 1 |a продукты горения 
610 1 |a теория клеточных автоматов 
610 1 |a наклон рельефа 
610 1 |a влажность воздуха 
610 1 |a влагосодержание материалов 
610 1 |a кромки пожаров 
700 1 |a Катков  |b В. Л. 
801 1 |a RU  |b 63413507  |c 20030326  |g PSBO 
801 2 |a RU  |b 63413507  |c 20130118  |g RCR 
942 |c BK